Cryptography and information security (Record no. 1970)

MARC details
000 -LEADER
fixed length control field 00407nam a2200157Ia 4500
008 - FIXED-LENGTH DATA ELEMENTS--GENERAL INFORMATION
fixed length control field 130318s9999 xx 000 0 und d
020 ## - INTERNATIONAL STANDARD BOOK NUMBER
International Standard Book Number 9788120335219
082 ## - DEWEY DECIMAL CLASSIFICATION NUMBER
Classification number 005.82 PAC/C
100 ## - MAIN ENTRY--PERSONAL NAME
Personal name Pachghare, V.K
245 ## - TITLE STATEMENT
Title Cryptography and information security
260 ## - PUBLICATION, DISTRIBUTION, ETC.
Name of publisher, distributor, etc. PHI Learning
Place of publication, distribution, etc. Noida
Date of publication, distribution, etc. 1999
300 ## - PHYSICAL DESCRIPTION
Extent 367
650 ## - SUBJECT ADDED ENTRY--TOPICAL TERM
Topical term or geographic name entry element CIPHER
650 ## - SUBJECT ADDED ENTRY--TOPICAL TERM
Topical term or geographic name entry element COMPUTER FORENSICS
650 ## - SUBJECT ADDED ENTRY--TOPICAL TERM
Topical term or geographic name entry element INFORMATION SECURITY
Holdings
Withdrawn status Lost status Damaged status Not for loan Collection code Home library Current library Shelving location Date acquired Cost, normal purchase price Total Checkouts Total Renewals Full call number Barcode Date last seen Date last checked out Price effective from Koha item type
        Cryptography/ Cyber Security Kerala University of Digital Sciences, Innovation and Technology Knowledge Centre Kerala University of Digital Sciences, Innovation and Technology Knowledge Centre Computer Science 18/03/2013 220.00 20 3 005.82 PAC/C 1987 08/07/2022 13/04/2022 18/03/2013 Books